000 01549nam a2200337 i 4500
003 EG-ScBUE
005 20231220094843.0
008 170918s1991 ua a f b 000 0 ara d
040 _aEG-ScBUE
_bara
_erda
_cEG-ScBUE
_dEG-ScBUE
043 _af-ua---
082 0 4 _a962.02
_bب ن م
_222
100 1 _aبن مماتي، أسعد بن المهذب،
_d1149-1209،
_eمؤلف.
245 1 0 _aكتاب قوانين الدواوين /
_cأسعد بن مماتي ؛ جمعه وحققه عزيز سوريال عطية، أستاذ تاريخ العصور الوسطى بجامعة فاروق الأول بالإسكندرية.
246 3 0 _aقوانين الدواوين
250 _aالطبعة الأولى.
264 1 _aالقاهرة :
_bمكتبة مدبولي،
_c1991.
300 _a469 صفحة :
_bإيضاحيات ؛
_c24 سم.
336 _2rdacontent
_aنص
_btxt
337 _aبدون وسيط
_2rdamedia
_bn
338 _aمجلد
_bnc
_2rdacarrier
490 0 _aصفحات من تاريخ مصر ؛
_v12
500 _aيشتمل على ملاحق.
500 _aطبع على نفقة الجمعية الزراعية الملكية بإشارة حضرة صاحب السمو الأمير عمر طوسون.
504 _aيشتمل على إرجاعات ببليوجرافية.
650 _2BUEsh
651 7 _aمصر
_xتاريخ
_zالعصر الأيوبي، 1171-1250.
_2BUEsh
653 _bGGEN
_cSeptember2017
655 _vReading book
700 1 _aعطية، عزيز سوريال.
_eجامع،
_eمحقق.
942 _2ddc
999 _c25450
_d25422